| 000 | 00451nam a2200169 4500 | ||
|---|---|---|---|
| 001 | 117783 | ||
| 003 | ES-MaACL | ||
| 005 | 20230906190953.0 | ||
| 007 | t| | ||
| 008 | 070214s1955 fr r ||||1| fre d | ||
| 100 | 0 |
_aPéguy, Charles. _989969 |
|
| 245 | 1 | 3 |
_aLe mystère des Saints Innocents / _cCharles Péguy. |
| 250 | _a78e éd. | ||
| 260 |
_aParis : _bGallimard, _c1955. |
||
| 300 |
_a226 p. ; _c19 cm. |
||
| 852 |
_aES-MaACL _jC-15311 _bR.43245 |
||
| 999 |
_c117783 _d117783 |
||